| 000 | 00343nam a22001337a 4500 | ||
|---|---|---|---|
| 005 | 20260427151932.0 | ||
| 020 | _a9788119523665 | ||
| 082 | _a580.12 TON.T | ||
| 100 |
_aJansohn, Toni _914113 |
||
| 245 | _aTree morphology and taxonomy / | ||
| 260 |
_aDarya Ganj : _bDiscovery publishing house , _cc2024. |
||
| 300 | _a260 p. | ||
| 942 |
_2ddc _cBK |
||
| 999 |
_c759125 _d759125 |
||